[Event "Tenerife-ch Seniors/Women"]
[Site "Santa Cruz de Tenerife"]
[Date "2023.03.13"]
[Round "1.8"]
[White "Hernandez Aguilera, Nauzet1111"]
[Black "Rodriguez Redondo, Ethan"]
[Result "0-1"]
[WhiteElo "1281"]
[BlackElo "2002"]
[PlyCount "74"]
[EventDate "2023.03.13"]
[EventType "swiss"]
[EventRounds "9"]
[EventCountry "ESP"]
[SourceTitle "EXT 2024"]
[Source "ChessBase"]
[SourceDate "2023.10.10"]
[SourceVersion "1"]
[SourceVersionDate "2023.10.10"]
[SourceQuality "1"]

1. d4 Nf6 2. c4 e6 3. Nf3 c5 4. Nc3 cxd4 5. Nxd4 Nc6 6. Bg5 Qa5 7. Bxf6 gxf6 8. a3 Qb6 9. Nxc6 bxc6 10. Qc2 d5 11. e3 Bd7 12. Be2 f5 13. b4 Bg7 14. Rd1 Qc7 15. Na4 Qe5 16. g3 0-0 17. Nc5 Rfd8 18. Nb7 Rdb8 19. Nc5 Be8 20. Qd3 a5 21. f4 Qc3+ 22. Kf2 axb4 23. Qxc3 bxc3 24. a4 Bf8 25. Nd3 Rxa4 26. c5 Ra5 27. Rc1 Bxc5 28. Rxc3 Ba7 29. Kf3 c5 30. Ne5 f6 31. Nd3 d4 32. exd4 Bc6+ 33. Kf2 Bxh1 34. dxc5 Rc8 35. Rc1 Be4 36. Ke1 Bxd3 37. Bxd3 Raxc5 0-1

[Event "Santa Cruz Christmas op 32nd"]
[Site "Santa Cruz"]
[Date "2022.12.27"]
[Round "7"]
[White "Martinez Morina, Manel"]
[Black "Rodriguez Redondo, Ethan"]
[Result "1/2-1/2"]
[WhiteElo "1646"]
[BlackElo "2009"]
[PlyCount "33"]
[EventDate "2022.12.15"]
[EventType "swiss"]
[EventRounds "9"]
[EventCountry "ESP"]
[SourceTitle "EXT 2024"]
[Source "ChessBase"]
[SourceDate "2023.10.10"]
[SourceVersion "1"]
[SourceVersionDate "2023.10.10"]
[SourceQuality "1"]

1. e4 d6 2. d4 Nf6 3. Nc3 Nbd7 4. Nf3 e5 5. Bc4 exd4 6. Nxd4 Be7 7. 0-0 0-0 8. Re1 Ne5 9. Be2 Bd7 10. f3 Re8 11. Be3 a6 12. Qd2 Bf8 13. Rad1 g6 14. Bg5 Bg7 15. Nd5 Bc6 16. Nxc6 bxc6 17. Nxf6+ 1/2-1/2

[Event "Santa Cruz Christmas op 32nd"]
[Site "Santa Cruz"]
[Date "2022.12.21"]
[Round "5"]
[White "Martinez Rojas, Carlos Jose"]
[Black "Rodriguez Redondo, Ethan"]
[Result "1/2-1/2"]
[WhiteElo "1942"]
[BlackElo "2009"]
[PlyCount "23"]
[EventDate "2022.12.15"]
[EventType "swiss"]
[EventRounds "9"]
[EventCountry "ESP"]
[SourceTitle "EXT 2024"]
[Source "ChessBase"]
[SourceDate "2023.10.10"]
[SourceVersion "1"]
[SourceVersionDate "2023.10.10"]
[SourceQuality "1"]

1. e4 c5 2. b3 g6 3. Bb2 Nf6 4. f4 Bg7 5. Nf3 0-0 6. d3 d5 7. exd5 Nxd5 8. Bxg7 Kxg7 9. Qd2 Nc6 10. Nc3 Bg4 11. Be2 Bxf3 12. Bxf3 1/2-1/2

[Event "Tenerife-ch"]
[Site "Santa Cruz"]
[Date "2022.04.20"]
[Round "1"]
[White "Rodriguez Redondo, Ethan"]
[Black "Lugo Lugo, Vladimiro"]
[Result "1-0"]
[WhiteElo "2037"]
[BlackElo "1253"]
[PlyCount "29"]
[EventDate "2022.04.20"]
[EventType "swiss"]
[EventRounds "9"]
[EventCountry "ESP"]
[SourceTitle "EXT 2023"]
[Source "ChessBase"]
[SourceDate "2022.10.05"]
[SourceVersion "1"]
[SourceVersionDate "2022.10.05"]
[SourceQuality "1"]

1. e4 e5 2. Nf3 Nc6 3. d4 exd4 4. Nxd4 Nxd4 5. Qxd4 d6 6. Be3 Be6 7. Nc3 a6 8. Be2 Nf6 9. h3 c5 10. Qd2 Be7 11. a4 a5 12. Rd1 0-0 13. 0-0 b6 14. Bf4 d5 15. exd5 1-0

[Event "Tenerife-chT Preferente"]
[Site "Tenerife"]
[Date "2022.04.02"]
[Round "8.2"]
[White "Guillermo Gonzalez, Alvaro"]
[Black "Rodriguez Redondo, Ethan"]
[Result "1-0"]
[WhiteElo "2112"]
[BlackElo "2020"]
[PlyCount "121"]
[EventDate "2022.01.29"]
[EventType "team-tourn"]
[EventRounds "14"]
[EventCountry "ESP"]
[SourceTitle "EXT 2024"]
[Source "ChessBase"]
[SourceDate "2023.10.10"]
[SourceVersion "1"]
[SourceVersionDate "2023.10.10"]
[SourceQuality "1"]
[WhiteTeam "Fundacion La Caja de Canarias"]
[BlackTeam "Canarias 64"]
[WhiteTeamCountry "ESP"]
[BlackTeamCountry "ESP"]

1. e4 c5 2. Nc3 Nc6 3. Bb5 Nd4 4. Bc4 d6 5. Nge2 Nf6 6. 0-0 e6 7. d3 Be7 8. Nxd4 cxd4 9. Ne2 Qb6 10. a4 a6 11. a5 Qa7 12. c3 dxc3 13. bxc3 0-0 14. Be3 Qb8 15. f3 Rd8 16. Qe1 d5 17. Bb3 dxe4 18. dxe4 Bd7 19. Qf2 Bb5 20. c4 Bc6 21. Rfc1 Bd6 22. g3 Be5 23. Rab1 Bc7 24. Ra1 Be5 25. Ra2 Rd7 26. Bc2 Qd8 27. Qe1 Bc7 28. Rb1 Rc8 29. Nc1 Bb8 30. Nb3 Qe7 31. Bc5 Qe8 32. Qe3 e5 33. Bd1 Rdd8 34. Be2 Nd7 35. Bb4 Nf8 36. Be1 Ne6 37. Bf2 Qe7 38. Rab2 Qa3 39. Qc1 Bc7 40. Ra1 Qe7 41. Qc3 Bb8 42. Rc1 Ba4 43. Nd2 f6 44. Nf1 Bd6 45. Ne3 Bc5 46. Nd5 Bxf2+ 47. Kxf2 Qc5+ 48. Qe3 Rxd5 49. exd5 Nd4 50. Bd3 Qxa5 51. Rxb7 Bb3 52. Kg2 Qa2+ 53. Kh3 a5 54. Qe4 g6 55. Rxh7 Nf5 56. Rh6 Qd2 57. Rxg6+ Kf7 58. Qxf5 Rh8+ 59. Kg4 Rh4+ 60. Kxh4 Qxh2+ 61. Kg4 1-0

[Event "Santa Cruz de Tenerife op 31st"]
[Site "Santa Cruz de Tenerife"]
[Date "2021.12.28"]
[Round "8"]
[White "Rodriguez Redondo, Ethan"]
[Black "Martinez Dubra, Mathias Nicolas"]
[Result "1-0"]
[WhiteElo "2020"]
[BlackElo "1569"]
[PlyCount "145"]
[EventDate "2021.12.14"]
[EventType "swiss"]
[EventRounds "9"]
[EventCountry "ESP"]
[SourceTitle "CBM 206 Extra"]
[Source "ChessBase"]
[SourceDate "2022.03.31"]
[SourceVersion "1"]
[SourceVersionDate "2022.03.31"]
[SourceQuality "1"]

1. e4 g6 2. d4 Bg7 3. Nc3 d6 4. Be3 e6 5. Qd2 Nd7 6. Nf3 b6 7. Bd3 Bb7 8. h3 h6 9. 0-0-0 c5 10. Bb5 c4 11. Bxc4 Ngf6 12. e5 Ne4 13. Nxe4 Bxe4 14. exd6 a6 15. Bd3 Bd5 16. Kb1 b5 17. Rhe1 Qb6 18. c3 Qxd6 19. Bf4 Qb6 20. Be4 Qc6 21. Bxd5 Qxd5 22. Qe3 Rc8 23. Nd2 b4 24. Ne4 0-0 25. cxb4 g5 26. Bg3 Rc4 27. Nc3 Qxg2 28. f4 Rxb4 29. Re2 Qxh3 30. fxg5 Qf5+ 31. Ka1 hxg5 32. Bd6 Rbb8 33. Bxf8 Kxf8 34. Rf2 Qg4 35. Rdf1 f6 36. Ne4 Kg8 37. Re1 Rb6 38. Rc2 Nf8 39. Rg1 Qf5 40. Rf2 Qg6 41. Nc3 Nd7 42. Qg3 Qe8 43. Qh3 Qf7 44. Rxg5 fxg5 45. Rxf7 Kxf7 46. Qh5+ Ke7 47. Qxg5+ Bf6 48. Qe3 Rd6 49. d5 Bxc3 50. Qxc3 Rxd5 51. b4 Ne5 52. Qc7+ Nd7 53. Kb2 Rb5 54. Kc3 a5 55. a3 axb4+ 56. axb4 e5 57. Kc4 Rb6 58. b5 Re6 59. Kd3 Rb6 60. Qc4 Rd6+ 61. Ke3 Kd8 62. Qb4 Kc7 63. Qa5+ Kb7 64. Qd8 e4 65. Qe7 Rd1 66. Qxe4+ Kb8 67. Qf4+ Kc8 68. Qc4+ Kd8 69. Qc6 Rf1 70. b6 Rf6 71. Qc7+ Ke8 72. b7 Rb6 73. Qxb6 1-0

[Event "Tenerife-chT Preferente"]
[Site "Tenerife"]
[Date "2021.03.20"]
[Round "4.3"]
[White "Oudeh Mishmesh, Omar"]
[Black "Rodriguez Redondo, Ethan"]
[Result "0-1"]
[WhiteElo "1918"]
[BlackElo "1970"]
[PlyCount "108"]
[EventDate "2021.02.27"]
[EventType "team-tourn"]
[EventRounds "14"]
[EventCountry "ESP"]
[SourceTitle "EXT 2023"]
[Source "ChessBase"]
[SourceDate "2022.10.05"]
[SourceVersion "1"]
[SourceVersionDate "2022.10.05"]
[SourceQuality "1"]
[WhiteTeam "Al Shah Mat Los Realejos"]
[BlackTeam "Canarias 64"]
[WhiteTeamCountry "ESP"]
[BlackTeamCountry "ESP"]

1. c4 e5 2. Nc3 Nc6 3. g3 g6 4. Bg2 Bg7 5. d3 f5 6. e3 Nf6 7. Nge2 0-0 8. 0-0 d6 9. b3 Ne7 10. Bb2 c6 11. d4 Be6 12. dxe5 dxe5 13. Na4 Qc7 14. Nc5 Bf7 15. Qc2 g5 16. Rad1 Rad8 17. Bc3 f4 18. Qb2 Ng6 19. exf4 gxf4 20. Nd3 fxg3 21. Nxg3 Ng4 22. h3 Nh6 23. Qc1 Be6 24. Nc5 Nf4 25. Nxe6 Nxe6 26. Qe3 Nd4 27. Bxd4 exd4 28. Qg5 Qf4 29. Qc5 Nf5 30. Nxf5 Rxf5 31. Qe7 Rdf8 32. Rd3 Rg5 33. Kh1 Qe5 34. Qxb7 Rxg2 35. Kxg2 Qe4+ 36. Kg1 Qxd3 37. Qxc6 Qxh3 38. Qd5+ Kh8 39. Qg2 Qxg2+ 40. Kxg2 d3 41. Rd1 Rd8 42. Kf3 d2 43. Ke4 Bc3 44. a3 Re8+ 45. Kd3 Re1 46. Kc2 Kg7 47. c5 Kf7 48. b4 Ke7 49. b5 Rxd1 50. Kxd1 h5 51. b6 axb6 52. cxb6 h4 53. b7 Be5 54. Kxd2 h3 0-1

[Event "Tenerife-chT Preferente 1920"]
[Site "Tenerife"]
[Date "2019.12.21"]
[Round "3.4"]
[White "Mendoza de Leon, Alvaro"]
[Black "Rodriguez Redondo, Ethan"]
[Result "0-1"]
[WhiteElo "1248"]
[BlackElo "1927"]
[PlyCount "82"]
[EventDate "2019.11.30"]
[EventType "team-tourn"]
[EventRounds "14"]
[EventCountry "ESP"]
[SourceTitle "CBM 195 Extra"]
[Source "ChessBase"]
[SourceDate "2020.05.31"]
[SourceVersion "1"]
[SourceVersionDate "2020.05.31"]
[SourceQuality "1"]
[WhiteTeam "Puerto de la Cruz Piratas"]
[BlackTeam "Fundacion La Caja de Canarias"]
[WhiteTeamCountry "ESP"]
[BlackTeamCountry "ESP"]

1. e4 e5 2. Nf3 Nf6 3. Nc3 Bb4 4. a3 Bxc3 5. dxc3 0-0 6. Bg5 d6 7. h3 Be6 8. Be2 Nbd7 9. 0-0 Re8 10. Qd2 Nxe4 11. Qe3 Nxg5 12. Nxg5 h6 13. Nf3 Nb6 14. Rad1 Qf6 15. Qe4 Rab8 16. Bb5 Bf5 17. Qe2 c6 18. Bc4 Nxc4 19. Qxc4 Bxc2 20. Rd2 Bf5 21. Rfd1 d5 22. Qa4 Bxh3 23. Qxa7 Bg4 24. Nh2 Bxd1 25. Rxd1 e4 26. Qe3 h5 27. Qh3 Re5 28. Nf1 Rg5 29. Ne3 Re8 30. a4 Re6 31. a5 Qf3 32. Qxf3 exf3 33. g3 f5 34. Rd4 Re4 35. Rd1 f4 36. Nf1 fxg3 37. fxg3 Re2 38. Rd2 h4 39. Rxe2 fxe2 40. Kf2 exf1Q+ 41. Kxf1 Rxg3 0-1

[Event "Santa Cruz de Tenerife Autumn op"]
[Site "Santa Cruz de Tenerife"]
[Date "2019.11.06"]
[Round "8"]
[White "Mamani Beltran, Deniman"]
[Black "Rodriguez Redondo, Ethan"]
[Result "1-0"]
[WhiteElo "1893"]
[BlackElo "1927"]
[PlyCount "67"]
[EventDate "2019.10.16"]
[EventType "swiss"]
[EventRounds "9"]
[EventCountry "ESP"]
[SourceTitle "CBM 192 Extra"]
[Source "Chessbase"]
[SourceDate "2019.11.06"]
[SourceVersion "1"]
[SourceVersionDate "2019.11.06"]
[SourceQuality "1"]

1. e4 c5 2. Nc3 Nc6 3. Nf3 e6 4. g3 a6 5. Bg2 b5 6. 0-0 d6 7. d4 cxd4 8. Nxd4 Bb7 9. a4 b4 10. Nce2 Nge7 11. Be3 Rc8 12. Qd2 Qc7 13. Nxc6 Nxc6 14. Nd4 Nxd4 15. Qxd4 Qc5 16. Qd2 Qc4 17. b3 Qc3 18. Qxc3 Rxc3 19. Rac1 Rc8 20. Bd2 a5 21. c3 Rb8 22. cxb4 axb4 23. Rfe1 Be7 24. Rc4 0-0 25. Rxb4 d5 26. Rb5 dxe4 27. Bf4 e3 28. Bxb8 exf2+ 29. Kxf2 Ba6 30. Bf4 Bxb5 31. axb5 Rc8 32. Rc1 Rd8 33. b6 g5 34. b7 1-0

[Event "Tenerife Verano op"]
[Site "Tenerife"]
[Date "2019.08.29"]
[Round "9"]
[White "Rodriguez Redondo, Ethan"]
[Black "Perez Garcia, Jimena"]
[Result "1-0"]
[WhiteElo "1955"]
[BlackElo "1723"]
[PlyCount "77"]
[EventDate "2019.07.29"]
[EventType "swiss"]
[EventRounds "9"]
[EventCountry "ESP"]
[SourceTitle "EXT 2020"]
[Source "ChessBase"]
[SourceDate "2019.10.17"]
[SourceVersion "1"]
[SourceVersionDate "2019.10.17"]
[SourceQuality "1"]

1. d4 Nf6 2. Nc3 d5 3. Bf4 Bf5 4. e3 e6 5. Bd3 Bxd3 6. Qxd3 c6 7. Nge2 Bd6 8. 0-0 0-0 9. f3 Bxf4 10. Nxf4 Qc7 11. Qd2 Rd8 12. Nd3 Na6 13. Qf2 c5 14. Kh1 Nd7 15. a3 Qc6 16. f4 f6 17. Qh4 c4 18. Nf2 f5 19. Nh3 Nf6 20. Rf3 Rf8 21. Ng1 Qe8 22. Rh3 Qg6 23. Nf3 Qg4 24. Qe1 Qg6 25. Ne5 Qe8 26. Qh4 h5 27. Qg5 Nh7 28. Qxh5 Qxh5 29. Rxh5 Nf6 30. Rg5 Rad8 31. Rf1 Nd7 32. Ng6 Rf6 33. Rf3 Kf7 34. Rfg3 Rg8 35. Nb5 Ke8 36. Ne5 Nxe5 37. fxe5 Rh6 38. Rxg7 Rgh8 39. Nd6+ 1-0